Identificación de oportunidades de conservación, diseño y negociación de herramientas de manejo del paisaje en la ventana de paisaje rural ganadero en la cuenca media del río Chambery (Aranzazu - Caldas) (Registro nro. 6007)

Detalles MARC
000 -CABECERA
Campo de control 01245nam a2200217 a 4500
090 ## - CLASIFICACIÓN LOCAL
Colección IAVH
Consecutivo 00765 CD-1
041 ## - IDIOMA
Código de idioma para texto/pista de sonido o título separado Español
110 ## - ASIENTO PRINCIPAL--NOMBRE CORPORATIVO
Unidad subordinad Fundación Pangea
245 ## - MENCION DE TITULO
Título Identificación de oportunidades de conservación, diseño y negociación de herramientas de manejo del paisaje en la ventana de paisaje rural ganadero en la cuenca media del río Chambery (Aranzazu - Caldas)
260 ## - PUBLICACION, DISTRIBUCION, ETC. (PIE DE IMPRENTA)
Lugar de publicación, distribución, etc. Armenia
Nombre del editor, distribuidor, etc. Instituto Alexander von Humboldt
Fecha de publicación, distribución, etc. 2005
300 ## - DESCRIPCION FISICA
Extensión 29 p.
520 ## - NOTA DE RESUMEN, ETC.
Nota de resumen Se presentan el análisis de la caracterización biológica y socioeconómica de la ventana de Chambery. Se presenta una propuesta de los sitios a intervenir, y posibles HMP, un listado de sitios priorizados para la negociación y concertación y un resumen de discusión y negociación con propietarios de predios y entes territoriales.
650 ## - ASIENTO SECUNDARIO DE MATERIA - TERMINO TEMATICO
Término temático o nombre geográfico como elemento de entrada Caracterización biológica
650 ## - ASIENTO SECUNDARIO DE MATERIA - TERMINO TEMATICO
Término temático o nombre geográfico como elemento de entrada Caracterización socioeconómica
650 ## - ASIENTO SECUNDARIO DE MATERIA - TERMINO TEMATICO
Término temático o nombre geográfico como elemento de entrada Herramientas de manejo del Paisaje
650 ## - ASIENTO SECUNDARIO DE MATERIA - TERMINO TEMATICO
Término temático o nombre geográfico como elemento de entrada HMP
650 ## - ASIENTO SECUNDARIO DE MATERIA - TERMINO TEMATICO
Término temático o nombre geográfico como elemento de entrada Conservación
662 ## - ASIENTO SECUNDARIO DE MATERIA - JERARQUIA DEL NOMBRE DE LUGAR(
País o entidad mayor Colombia
Jurisdicción política intermedia Río Chambery
Ciudad Aranzazu
Jurisdicción política de primer orden Caldas
773 0# - Item fuente:
Host Biblionumber 5986
Host Itemnumber 9704
Asiento principal
Edición
Lugar, editorial y fecha de publicación Bogotá Informatica documental 2007
Otro identificador del ítem - Codigo de Barras 024802
Título Informes de investigaciones IAVH en PDF
Número de control del registro
Número Internacional Normalizado para Publicaciones Seriadas - ISSN
Número Internacional Normalizado para Libros - ISBN
945 ## - PROCESAMIENTO LOCAL
AAAA-MM-DD - Fecha de ingreso o modificacion 2007-08-16

No hay ítems disponibles.